| 000 | 01261nam a2200337 4500 | ||
|---|---|---|---|
| 003 | OSt | ||
| 005 | 20260601193851.0 | ||
| 008 | 260507b2004 mx ||||| |||| 00| 0 spa d | ||
| 040 |
_aICI _bSPA _cICI |
||
| 041 | _aSPA | ||
| 050 |
_aTS171.4 _bR56 2004 |
||
| 100 | 1 |
_aRión, Fernando, _e autor _932268 |
|
| 245 | 1 |
_aFernando Rión _c coordinación editorial Carmen Cordera |
|
| 264 |
_aMéxico : _bBiblioteca de diseño quórum, _c2004. |
||
| 300 |
_a63 páginas _b ilustraciones, fotos |
||
| 336 |
_atexto _2rdacontent |
||
| 337 |
_asin medio _2rdamedia |
||
| 338 |
_avolumen _2rdacarrier |
||
| 600 |
_aRión, Fernando _vCatálogos _932269 |
||
| 650 | 4 |
_aDiseño industrial _xCatálogos _932270 |
|
| 650 | 4 |
_aArtes gráficas _xCatálogos _932271 |
|
| 700 |
_aCordera Carmen _eCoordinación editorial _932272 |
||
| 700 |
_aFlavio Mendoza/ Arzate Jorge _eDiseño a lo Rión _932273 |
||
| 700 |
_aPedroza Pilar _eSupervisión de redacción _932274 |
||
| 700 |
_aHesketh Anne _eTraductor _932275 |
||
| 700 |
_aFamilia Rión y ReDiseño _eFotografía archivo _932276 |
||
| 700 |
_aComite XIV Premio Quórum _eEdición _932277 |
||
| 700 |
_aMegra Press _eDigitalizaciones _932278 |
||
| 700 |
_aTalleres Gráficos de México _eImpresión _932279 |
||
| 942 |
_2lcc _cB _n1 |
||
| 999 |
_c21846 _d21846 |
||